Closest Foreign Islands - Statistics

General Stats
  • This quiz has been taken 39 times
  • The average score is 14 of 20
Answer Stats
Countries # Nearest Foreign Islands % Correct
India S Sri Lanka
100%
China T Taiwan
97%
Qatar B Bahrain
95%
Egypt C Cyprus
95%
Mexico C Cuba
92%
Italy M Malta
89%
Spain S {Sardinia}, Italy
89%
Australia P Papua New Guinea
86%
Kenya Z {Zanzibar}, Tanzania
84%
Senegal C Cape Verde
81%
New Zealand T {Tasmania}, Australia
81%
Venezuela T Trinidad
81%
France U United Kingdom
81%
Dominican Republic P {Puerto Rico}, United States
78%
Peru G {Galapagos}, Ecuador
73%
Morocco C {Canary Islands}, Spain
59%
Denmark E {Ellesmere}, Canada
49%
Russia L {Little Diomede}, United States
19%
Libya H {Heraklion}, Greece
14%
Nigeria B {Bioko}, Equatorial Guinea
5%
No matching quizzes found
Score Distribution
Percent of People with Each Score
Percentile by Number Answered
Your Score History
You have not taken this quiz